Statistiques concernant Paroles - Jeune et con - Saez

Cliquez ici pour prendre le quiz!

Statistiques générales

  • Ce quiz a été pris 754 fois
  • Le résultat moyen est 279 sur 324

Statistiques - réponses

Paroles% Correct
Et
99%
et
99%
Je
99%
je
99%
un
99%
le
98%
est
97%
la
97%
se
97%
de
96%
jeunes
96%
à
94%
cons
94%
jour
94%
lève
94%
lève,
94%
sur
94%
Sur
94%
vieux
94%
encore
93%
Encore
93%
France
93%
il
93%
me
93%
dans
92%
fous !
92%
fous
92%
fous,
92%
planète
92%
sont
92%
j'ai
91%
tout
91%
du
90%
soir
90%
suis
90%
ce
89%
des
89%
dormi
89%
s'en
89%
danse
88%
heures
88%
huit
88%
mes
88%
que
88%
trop
88%
les
87%
on
87%
Puisqu'on
87%
une
87%
couché
86%
d'être
86%
Puisque
86%
Puisqu'ils
86%
rêves
86%
tard
86%
Comme
85%
elle
85%
Mais
85%
mais
85%
85%
jeunesse
84%
toujours
84%
va
84%
rentre
83%
bien
82%
genoux
82%
monde
82%
fout
81%
hommes
81%
s'amuser
81%
soirée
81%
doucement
80%
rendu
80%
sais
80%
sors
80%
sous
80%
Contents
79%
faire
79%
rien
79%
danser
78%
nous
78%
ponts
78%
semblant
78%
Alors
77%
n'a
77%
pions
77%
qu'on
77%
sourd
77%
connais
76%
devenir
76%
sens
76%
crèvent
75%
l'amour
75%
perdu
75%
quelques
75%
qu'un
75%
chercher
74%
heureux
74%
milliards
74%
milliards !
74%
cet
73%
d'exister
71%
mieux
71%
Pour
71%
demain
70%
puisqu'ici
70%
état
69%
d'urgence
68%
aller
66%
coucher
66%
Qui
66%
Si
66%
n'ira
65%
longtemps
64%
n'est
64%
gagnerons
63%
depuis
62%
gentiment
59%
vivra
59%
yeux
56%
sait ?
55%
ferme
54%
aimerons
51%

Distribution des résultats

Percentile par nombre de réponses

% des personnes avec chaque résultat

Votre développement - résultats

Vous n’avez pas pris ce quiz